Harry Potter Films by Wizarding Photos XXXVI Quiz Stats

 Plays Quiz not verified by Sporcle

Support Sporcle.
Go Orange.
Score 0/8 Timer 01:30
0 Plays Today
% Correct
Philosopher's (Sorcerer's) Stone
93.8%
Prisoner of Azkaban
88.4%
Goblet of Fire
87.1%
Deathly Hallows Part 2
86.7%
Order of the Phoenix
83.1%
Chamber of Secrets
82.2%
Deathly Hallows Part 1
81.8%
Half-Blood Prince
77.3%

You're not logged in!

Compare scores with friends on all Sporcle quizzes.
OR
Log In

From the Vault

Finish the Famous Slogan

by lolshortee

Sporcle: Mentally Stimulating ______.
Remove Ads.
Support Sporcle.
Get the best of Sporcle when you Go Orange. This ad-free experience offers more features, more stats, and more fun while also helping to support Sporcle. Thank you for becoming a member.

Show Comments

Extras

Top Quizzes Today


Score Distribution

Your Account Isn't Verified!

In order to create a playlist on Sporcle, you need to verify the email address you used during registration. Go to your Sporcle Settings to finish the process.

Report this User

Report this user for behavior that violates our Community Guidelines.

Details: